000 00609nam a2200181Ia 4500
003 GCL
008 140319s9999 xx 000 0 ara d
040 _aGCL /
_cGCL
082 0 4 _aم
_b414
_bس ا
100 1 _aسعيد الشرنوبى
245 1 0 _aاقرب الموارد فى فصح العربية والشوارد /
_cسعيد الشرنوبى
300 _aمتعدد
490 _aماذا اعرف
_v0
650 0 4 _aاللغة العربية - الالفاظ
650 0 4 _aاللغة العربية - المعاجم
650 0 4 _aاللغة العربية - المصطلحات
942 _2ddc
_cREF
999 _c59646
_d59646